01126nam a2200193 450000500170000000800410001704000290005804100080008708200120009510000290010724500800013626000480021630000360026450003480030050502010064850600210084965000260087065000360089620160503100810.0160503b1927 sp |||fr|||| 001 0 spa d cSandra YazodSandra Yazo0 aspa04220a4701 aHernández, Héctor H.13aEl latín clásico enseñado como lengua vivacpor Héctor H. Hernandez aMadrid (España)bEditorial Voluntadc1927 axvi, 627 páginasc25 x 17 cm. aDetalles físicos: Encuadernación rígida (holandesa) en cartón forrado en papel. Lomo en tela. Tapa con datos de publicación impresos. Conserva parte de las guardas. Anteportada con anotación manuscrita. Portada impresa en una sola tinta. Texto en una, dos y tres columnas. Ejemplar empieza a desencuadernarse, algunas hojas sueltas aAdvertencia del autor ; Analogía: Sustantivos ; Declinaciones de los nombres ; Género de los nombres ; Adjetivos numerales ; Pronombres ; Verbo ; Adverbio ; Prosodia ; Métrica ; Ortografía aConsulta en sala 7aLatín xEnseñanza 7aLatínxEstudio y enseñanza